Perlembagaan Persekutuan : (hingga 5hb November 2002)

Bibliographic Details
Format: Book
Published: Petaling Jaya, Selangor : International Law Book Services , 2002
Series:Undang-Undang Malaysia
Subjects:

MARC

LEADER 00000cam a2200000 7i4500
001 0000002437
005 20030620.0
020 0 0 |a 9678913208 
090 0 0 |a 342.595   |b MAL 2002 
245 0 0 |a Perlembagaan Persekutuan :   |b (hingga 5hb November 2002)   |c disusun oleh Lembaga Penyelidikan Undang-Undang 
260 0 0 |a Petaling Jaya, Selangor :   |b International Law Book Services ,   |c 2002 
300 |a xii, 170p. ;   |c 24 cm. 
440 0 0 |a Undang-Undang Malaysia 
650 0 0 |a Malaysia   |x Consitutional law 
998 |a JPSM 
999 |a 0000004563   |b Monograph   |c Open Shelf   |e Default branch